| 000 | 00872cab a2200205 4500 | ||
|---|---|---|---|
| 001 | L136777 | ||
| 008 | 070223n2007 000 0 eng u | ||
| 035 | _a(Sirsi) u136777 | ||
| 041 | _aeng | ||
| 100 | 1 | _aSwerling, Leon | |
| 245 | 0 | 0 | _aPractical points in relation to the alienation of leases |
| 260 | _c2007 | ||
| 490 | 0 | 0 |
_aEMIS Property Service _v4(11) December 2006, 5-9(5) |
| 520 | _aExamines pre-conditions in the alienation covernant, statutory controls on the landlord, practical points for landlords and tenants arising out of recent case law in relation to the Landlord and Tenant Act 1988, how one can tell whether or not a landlord may be withholding consent unreasonably, and damages. | ||
| 590 | _aKA | ||
| 650 | 2 | 4 | _aLANDLORD AND TENANT ACT 1988 |
| 651 | 4 |
_aEngland and Wales _y1543- |
|
| 690 | _aPROPERTY-LANDLORD AND TENANT-LEASES | ||
| 942 | _n0 | ||
| 999 |
_c78437 _d78437 |
||